Marx a Weber o metóde abstrakcie

Pokračovanie článku z predchádzajúceho čísla o metodologických názoroch Marxa a Webera a cieľoch v prírodných vedách. Hlavné styčné body týchto koncepcií a rozdiely medzi nimi.

Guardado en:
Detalles Bibliográficos
Autor principal: Halas, Juraj
Formato: Capítulo de libro
Lenguaje:eslovaco
Materias:
Etiquetas: Agregar Etiqueta
Sin Etiquetas, Sea el primero en etiquetar este registro!

MARC

LEADER 00000naa a2200000 4500
001 0226927
005 20220725085242.4
041 0 |a slo 
044 |a SK 
245 1 0 |a Marx a Weber o metóde abstrakcie  |c Juraj Halas 
520 |a Pokračovanie článku z predchádzajúceho čísla o metodologických názoroch Marxa a Webera a cieľoch v prírodných vedách. Hlavné styčné body týchto koncepcií a rozdiely medzi nimi. 
610 2 0 |a filozofia 
610 2 0 |a filozofi 
610 2 0 |a smery filozofické 
610 2 0 |a kategórie filozofické 
610 2 0 |a metodológia vied 
610 2 0 |a metódy poznania 
610 2 0 |a veda o vede 
610 2 0 |a vedy prírodné 
100 1 |a Halas, Juraj